000 00357nam a2200157Ia 4500
008 230711s9999||||xx |||||||||||||| ||und||
041 _aENG
082 _a540
_bCH-S
100 _aChatwal,G.R
245 0 _aSynthetic Drugs
250 _a1st Ed.
260 _c1990
_aMumbai
_bHimalaya Publishing House
300 _a456p.
650 _aChemistry
942 _cBK
999 _c941
_d941